<A> Model of industrial conflict and strike duration for Australia
Salvato in:
| Autore principale: | |
|---|---|
| Natura: | Libro |
| Lingua: | inglese |
| Pubblicazione: |
St. Lucia
University of Queenland
1981
|
| Serie: | Working Paper
nr. 30 |
| Tags: |
Nessun Tag, puoi essere il primo ad aggiungerne!!
|
MARC
| LEADER | 00000nam a2200000 4500 | ||
|---|---|---|---|
| 001 | c125206 | ||
| 005 | 20181203150416.4 | ||
| 041 | 0 | |a eng | |
| 044 | |a AU | ||
| 245 | 1 | 0 | |a <A> Model of industrial conflict and strike duration for Australia |c K.H. Richards |
| 264 | 1 | |a St. Lucia |b University of Queenland |c 1981 | |
| 300 | |a 36 s. | ||
| 490 | 1 | |a Working Paper |v nr. 30 | |
| 830 | 0 | |a Working Paper |v nr. 30 | |
| 100 | 1 | |a Richards, K.H. | |